|
|
|
|
| LEADER |
06373nam a22004695i 4500 |
| 001 |
978-3-540-88609-9 |
| 003 |
DE-He213 |
| 005 |
20151204171433.0 |
| 007 |
cr nn 008mamaa |
| 008 |
100301s2009 gw | s |||| 0|eng d |
| 020 |
|
|
|a 9783540886099
|9 978-3-540-88609-9
|
| 024 |
7 |
|
|a 10.1007/978-3-540-88609-9
|2 doi
|
| 040 |
|
|
|d GrThAP
|
| 050 |
|
4 |
|a K3820-3836
|
| 072 |
|
7 |
|a LBBM
|2 bicssc
|
| 072 |
|
7 |
|a LAW051000
|2 bisacsh
|
| 082 |
0 |
4 |
|a 343.07
|2 23
|
| 245 |
1 |
4 |
|a The Administration of Debt Relief by the International Financial Institutions
|h [electronic resource] :
|b A Legal Reconstruction of the HIPC Initiative /
|c edited by Leonie F. Guder.
|
| 264 |
|
1 |
|a Berlin, Heidelberg :
|b Springer Berlin Heidelberg,
|c 2009.
|
| 300 |
|
|
|a XVIII, 355 p.
|b online resource.
|
| 336 |
|
|
|a text
|b txt
|2 rdacontent
|
| 337 |
|
|
|a computer
|b c
|2 rdamedia
|
| 338 |
|
|
|a online resource
|b cr
|2 rdacarrier
|
| 347 |
|
|
|a text file
|b PDF
|2 rda
|
| 490 |
1 |
|
|a Beiträge zum ausländischen öffentlichen Recht und Völkerrecht,
|x 0172-4770 ;
|v 202
|
| 505 |
0 |
|
|a Multilateral Debt Relief for Heavily Indebted Poor Countries -- Doctrinal Reconstruction of HIPC in a Public International Law Perspective -- Multilateral Debt Relief Under HIPC – global Governance Perspectives -- Issues of Legitimacy -- Conclusions.
|
| 520 |
|
|
|a 1. Objectives and Plan of the Study . . . . . . . . . . . . . . . . . . . . . . . . . . . . . . . . . . . . . . . . . . . . . . . . . . . . . . . . . 1 2. Literature Review . . . . . . . . . . . . . . . . . . . . . . . . . . . . . . . . . . . . . . . . . . . . . . . . . . . . . . . . . . . . . . . . . . . . . . . . . . . . . . . . . . 9 3. Structure. . . . . . . . . . . . . . . . . . . . . . . . . . . . . . . . . . . . . . . . . . . . . . . . . . . . . . . . . . . . . . . . . . . . . . . . . . . . . . . . . . . . . . . . . . . . . . . 20 Part I. Multilateral Debt Relief for Heavily Indebted Poor Countries . . . . . . . . . . . . . . . . . . . . . . . . . . . . . . . . . . . . . . . . . . . . . . . . . . . . . . . . . . . . . . . . . . . 23 A. The Heavily Indebted Poor Countries Initiative (HIPC) . . . . . . . . . . . . . . . . . . . . . . . . . . . . . . . . . . . . . . . . . . . . . . . . . . . . . . . . . . . . . . . . . . . . . . . . . . . . . . . . . . . . . . . . . . . . . . . . . . . . . 26 1. Concessional Assistance to Low-Income Countries . . . . . . . . . . . . . . . . . . . . . . . 26 2. The HIPC Framework . . . . . . . . . . . . . . . . . . . . . . . . . . . . . . . . . . . . . . . . . . . . . . . . . . . . . . . . . . . . . . . . . . . . . . . 30 2. 1. The Heavily Indebted Poor Country Initiative of 1996 . . . . . . . . 33 2. 2. The Cologne G-8 Summit of 1999 and HIPC II. . . . . . . . . . . . . . . . . . . . 39 2. 3. Eligibility and Implementation under the Enhanced HIPC Framework . . . . . . . . . . . . . . . . . . . . . . . . . . . . . . . . . . . . . . . . . . . . . . . . . . . 43 3. What kind of debt is addressed by HIPC? . . . . . . . . . . . . . . . . . . . . . . . . . . . . . . . . . . . . . . . 48 4. HIPC Funding and Finances . . . . . . . . . . . . . . . . . . . . . . . . . . . . . . . . . . . . . . . . . . . . . . . . . . . . . . . . . . . . . 50 4. 1. The PRGF-HIPC Trust of the IMF . . . . . . . . . . . . . . . . . . . . . . . . . . . . . . . . . . . . . . . . 51 4. 2. The World Bank HIPC Trust Fund . . . . . . . . . . . . . . . . . . . . . . . . . . . . . . . . . . . . . . . . 57 4. 3. The IDA Debt Reduction Facility. . . . . . . . . . . . . . . . . . . . . . . . . . . . . . . . . . . . . . . . . . . 60 4. 4. HIPC Financing through Multilateral Creditors . . . . . . . . . . . . . . . . . . . 61 4. 5. Conclusion: Trust Fund Financing . . . . . . . . . . . . . . . . . . . . . . . . . . . . . . . . . . . . . . . . . . 62 5. HIPC Proceedings . . . . . . . . . . . . . . . . . . . . . . . . . . . . . . . . . . . . . . . . . . . . . . . . . . . . . . . . . . . . . . . . . . . . . . . . . . . . . . 63 B. Debt Relief under the G-8: The Multilateral Debt Relief Initiative (MDRI) . . . . . . . . . . . . . . . . . . . . . . . . . . . . . . . . . . . . . . . . . . . . . . . . . . . . . . . . . . 67 1. MDRI as Operational Successor of HIPC. . . . . . . . . . . . . . . . . . . . . . . . . . . . . . . . . . . . . . . . 69 2. Subsequent Changes in Lending Policies . . . . . . . . . . . . . . . . . . . . . . . . . . . . . . . . . . . . . . . . . . 74 C. Case Study: The Contemporary History of Debt Relief in Ghana. . . . . . . . . . . . . . . . . . . . . . . . . . . . . . . . . . . . . . . . . . . . . . . . . . . . . . . . . . . . . . . . . . . . . . . . . . . 77 1. Ghana’s History with Economic Aid . . . . . . . . . . . . . . . . . . . . . . . . . . . . . . . . . . . . . . . . . . . . . . . . 80 2. Ghana’s Reform Process under HIPC . . . . . . . . . . . . . . . . . . . . . . . . . . . . . . . . . . . . . . . . . . . . . . 86 X Table of Content 2. 1. Implementation of the HIPC Framework . . . . . . . . . . . . . . . . . . . . . . . . . . . . . . 89 2. 1. 1. Preliminary Documents. . . . . . . . . . . . . . . . . . . . . . . . . . . . . . . . . . . . . . . . . . . . . . . 97 2. 1. 2. Ghana Poverty Reduction Strategy. . . . . . . . . . . . . . . . . . . . . . . . . . . . . 98 2. 1. 3. Decision Point Document . . . . . . . . . . . . . . . . . . . . . . . . . . . . . . . . . . . . . . . . . 102 2. 1. 4. Ghana’s Completion Point . . . . . . . . . . . . . . . . . . . . . . . . . . . . . . . . . . . . . . . . 104 2. 2. Donor Coordination under the Multi Donor Budgetary Support (MDBS) . . . . . . . . . . . . . . . . . . . . . . . . . . . . . . . . . . . . . . . . . . . . . . . . . . . . . . . . . . . . . . . . . . . . .
|
| 650 |
|
0 |
|a Law.
|
| 650 |
|
0 |
|a International law.
|
| 650 |
|
0 |
|a Trade.
|
| 650 |
|
0 |
|a Development economics.
|
| 650 |
1 |
4 |
|a Law.
|
| 650 |
2 |
4 |
|a International Economic Law, Trade Law.
|
| 650 |
2 |
4 |
|a Development Economics.
|
| 700 |
1 |
|
|a Guder, Leonie F.
|e editor.
|
| 710 |
2 |
|
|a SpringerLink (Online service)
|
| 773 |
0 |
|
|t Springer eBooks
|
| 776 |
0 |
8 |
|i Printed edition:
|z 9783540886082
|
| 830 |
|
0 |
|a Beiträge zum ausländischen öffentlichen Recht und Völkerrecht,
|x 0172-4770 ;
|v 202
|
| 856 |
4 |
0 |
|u http://dx.doi.org/10.1007/978-3-540-88609-9
|z Full Text via HEAL-Link
|
| 912 |
|
|
|a ZDB-2-SHU
|
| 950 |
|
|
|a Humanities, Social Sciences and Law (Springer-11648)
|